000 00592nab a2200193 4500
999 _c372309
_d372309
001 90031
003 OSt
005 20230328091502.0
007 tu
008 110905s2000|||||||
040 _aDE-2950
_cDE-2950
245 0 0 _aNach acht Minuten kommt das Ergebnis.
_bKontrolle. Der Rauschgift-Konsum steigt. Das zeigen auch Verkehrskontrollen in Frankfurt .../
_cInes Weber-Rath
264 _c2023
653 _aFrankfurt (Oder)
653 _aKriminalität
653 _aDogen
773 0 _g34. Jahrgang (2023) Nr. 66, 18./19.03.2023, S. 17: mit Foto
_tMärkische Oderzeitung
942 _2z
_cA